Guatemala 2007 : un año de contrastes para la democracia /

El 2007 fue un año de contrastes para la democracia guatemalteca, en el cual se dieron aspectos positivos, pero también se evidenciaron serios problemas. El proceso político en 2007 giró en torno a las elecciones generales realizadas en el segundo semestre del año. En los meses previos a las eleccio...

Full description

Bibliographic Details
Main Author: Azpuru, Dinorah
Other Authors: Blanco, Ligia
Format: Libro
Language:Spanish
Published: Santiago, Chile Instituto de Ciencia Política. Pontificia Universidad Católica de Chile 2008
Subjects:

MARC

LEADER 00000cam a2200000 a 4500
001 033164
003 UAHC_CL
005 20170803123613.0
008 071119s2007 cl 000 spa
040 |a UAHC_CL  |c UAHC_CL  |d UAHC_CL 
100 1 |a Azpuru, Dinorah 
245 1 0 |a Guatemala 2007 :  |b un año de contrastes para la democracia /  |c Dinorah Azpuru, Ligia Blanco. 
260 |b Instituto de Ciencia Política. Pontificia Universidad Católica de Chile  |c 2008  |a Santiago, Chile 
300 |a p. 217-244 
500 |a En: Revista de Ciencia Política, vol. 28, n˚1, 2008. p. 217-244. ISSN 01761417. 
520 |a El 2007 fue un año de contrastes para la democracia guatemalteca, en el cual se dieron aspectos positivos, pero también se evidenciaron serios problemas. El proceso político en 2007 giró en torno a las elecciones generales realizadas en el segundo semestre del año. En los meses previos a las elecciones pareció incrementarse la violencia, la cual llegó incluso a afectar incluso a varios partidos políticos. 
650 4 |a ELECCIONES 
650 4 |a DEMOCRACIA 
650 4 |a PARTIDOS POLITICOS 
651 4 |a GUATEMALA 
700 1 |a Blanco, Ligia 
900 |a FICTICIO 5909 
942 |c BK 
999 |c 33164  |d 33164